Excel PivotTables and PivotCharts : (Record no. 25955)

MARC details
000 -LEADER
fixed length control field 01052cam a2200301 a 4500
005 - DATE AND TIME OF LATEST TRANSACTION
control field 20230713111417.0
008 - FIXED-LENGTH DATA ELEMENTS--GENERAL INFORMATION
fixed length control field 120611s2010 inua 001 0 eng
010 ## - LIBRARY OF CONGRESS CONTROL NUMBER
LC control number 2010926851
015 ## - NATIONAL BIBLIOGRAPHY NUMBER
National bibliography number GBB042346
Source bnb
016 7# - NATIONAL BIBLIOGRAPHIC AGENCY CONTROL NUMBER
Record control number 015515538
Source Uk
020 ## - INTERNATIONAL STANDARD BOOK NUMBER
ISBN 9780470591611 (pbk.)
035 ## - SYSTEM CONTROL NUMBER
System control number (OCoLC)ocn573173252
040 ## - CATALOGING SOURCE
Original cataloging agency UKM
Transcribing agency UKM
Modifying agency YDXCP
-- BTCTA
-- ORX
-- BWX
-- CDX
-- BDX
-- DLC
042 ## - AUTHENTICATION CODE
Authentication code lccopycat
082 04 - DEWEY DECIMAL CLASSIFICATION NUMBER
Classification number 005.54
Edition number 22
Item number MCF-E
100 1# - MAIN ENTRY--AUTHOR
Author Name McFedries, Paul.
245 10 - TITLE STATEMENT
Title Excel PivotTables and PivotCharts :
Remainder of title your visual blueprint for creating dynamic spreadsheets /
Statement of responsibility, etc. by Paul McFedries.
250 ## - EDITION STATEMENT
Edition statement 2nd ed.
260 ## - PUBLICATION, DISTRIBUTION, ETC.
Place of Publication Indianapolis, IN :
Name of publisher, distributor, etc. Wiley ;
Place of Publication Chichester :
Name of publisher, distributor, etc. John Wiley [distributor],
Date of publication, distribution, etc. 2010.
300 ## - PHYSICAL DESCRIPTION
Pages x, 292 p. :
490 0# - SERIES STATEMENT
Series Statement Visual blueprint
500 ## - GENERAL NOTE
General note Previous ed.: 2006.
500 ## - GENERAL NOTE
General note Includes index.
650 #0 - SUBJECT ADDED ENTRY--TOPICAL TERM
Subject / Department Electronic spreadsheets.
300 ## - PHYSICAL DESCRIPTION
-- ill. ;
-- 24 cm.
906 ## - LOCAL DATA ELEMENT F, LDF (RLIN)
a 7
b cbc
c copycat
d 3
e ncip
f 20
g y-gencatlg
952 ## - LOCATION AND ITEM INFORMATION (KOHA)
-- 0
-- 0
Holdings
Lost status Damaged status Collection code Permanent Location Current Location Shelving Location Date acquired Full Call Number Accession No./Barcode Date last seen item type Koha item type
    CS/IT Superior Information Resource Center (SIRC) Superior University- Gold Campus Superior Information Resource Center (SIRC) Superior University- Gold Campus MISC 07/13/2023 005.54 MCF-E 2010 19435 07/13/2023 BOOK BOOK

Powered by Koha